000 01261cam a2200253 4500
001 L127476
002 7812
008 040922n2004 000 0 eng u
020 _a9780754683070
035 _a(Sirsi) u127476
041 _aeng.
050 _a658.404
_c18
100 _aLock, D.
245 _aProject management in construction
_h[electronic resource]
260 _aAldershot
_bGower
_c2004
300 _aeBook
490 _aGower Leading Construction Series
505 2 _aIntroducing Project Management -- Planning Small Projects -- Planning Small Projects with Critical Path Networks -- Scheduling Project Resources -- Larger and More Complex Plans -- Getting Help from the Computer -- Organizing the Larger Project -- Risk Management -- Controlling Project Costs -- Controlling Cash and Progress -- Controlling Changes -- Handover and Close-out
520 _aThis eBook presents a practical, accessible guide to defining, organizing, planning and executing a construction project so that it is completed to the satisfaction of the principal stakeholders.
650 2 4 _aEBOOK
690 _aProject management
_96261
856 _uhttps://www.vlebooks.com/
_zView on VLEbooks. Logins for members only from [email protected]
942 _n0
999 _c103791
_d103791